1949 1817 1129 1727 1680 1098 1563 1901 1090 1739 1219 1205 1441 1608 1356 1074 1059 1144 1547 1843 1733 1305 1240 1841 1855 1624 1119 1608 1121 1453 1789 1784 1420 1036 1798 1194 1820 1828 1704 1391 1247 1633 1845 1928 1458 1444 1910 1094 1155 1296 1009 1485 1989 1890 1981 1252 1296 1595 1126 1107 1904 1831 1780 1142 1055 1888 1928 1896 1685 1610 1066 1894 1747 1504 1011 1458 1163 1729 1214 1878 1309 1336 1137 1153 1016 1487 1625 1446 1870 1246 1563 1798 1995 1669 1397 1478 1312 1943 1045 BCNSPRNW ULIB Ver.6.0+V

เปลี่ยนเป็นภาษาไทย

Change to English
 แสดงรายละเอียดบรรณานุกรม
  กลับหน้าหลัก

Brief Record : Get Marc (ISO 2709) : E-mail record : QR code < ปิดหน้าต่าง
LEADER : 00000nam 2200000uu 4500
001    13399123312
003     ULIB
008    140820s2556||||th 000 0 tha d
099    วจ.WK810^bว645ผ
100 0  วิภา เอี่ยมสำอางค์ จารามิลโล
245 00 ผลของการใช้โปรแกรมส่งเสริมการรับรู้สมรรถนะแห่งตนเพื่อการควบคุมเบาหวานสำหรับผู้สูงอายุต่อความรู้พฟติกรรม และการรับรู้สมรรถนะแห่งตนของผุ้สุงอายุโรคเบาหวาน/^cวิภา เอี่ยมสำอางค์ จารามิลโล
260    ลำปาง:^bวิทยาลัยพยาบาลบรมราชชนนี นครลำปาง,^c2556
300    74 หน้า
650  0 ผู้สุงอายุ^xวิจัย
650  0 โรคเบาหวาน^xวิจัย
945    ^p0^l0^i034613
999    ^aเกษร โพธิ์สุวรรณ
รายการนี้ยังไม่มีแท็ก
คุณยังไม่ได้ล็อกอิน คุณสามารถมีกิจกรรมร่วมกับเว็บไซต์ได้ แต่ต้องล็อกอินก่อน ::
  ล็อกอิน

รายการสื่อสารสนเทศ

ลำดับที่ ประเภท เลขเรียก/บาร์โค้ด สถานที่ สถานะ
1. งานวิจัย
งานวิจัย
วจ.WK810 ว645ผ ฉ.1 
  Barcode: 034613
ห้องสมุดวิทยาเขตสวรรค์ประชารักษ์
►วิจัย
บนชั้น

BibComment


ยังไม่เคยถูกคอมเมนท์

คอมเมนท์ทรัพยากรรายการนี้
  คอมเมนท์: ผลของการใช้โปรแกร..


 Copyright 2026. Bcnsprnw @Library